00714nam a2200181 a 4500003000200000005001700002008004100019050002600060100003000086245011400116260009000230300004000320504004100360650002900401650003500430650002500465650004200490020250429103201.0080527s19uu xx 00 eng d aPHS RC 567b.B35 2005 aBailon, Victor Anthony S. aA Comparative study on the effects of smoking between adult and teenage athletes /cVictor Anthony S. Bailon. aLas Piñas City, Philippines :bSouthville International School and Colleges,c2005. a23 pages :billustrations ;c28 cm. aIncludes bibliographical references. aSmokingxHealth aspects. aSmokingxPhysiological effect. aComparative studies. aTeenage athletesxHealth and hygiene.